Lecturas sobre Comportamiento Animal /

Esta compilación de trabajos reune estudios sobre el comportamiento animal desde dos disciplinas: la psicología comparada que analiza los problemas de la motivación y el desarrollo, y la etología dedicada al estudio del instinto, la función y evolución. Temas generales: La Comunicación Visual; La Co...

Ausführliche Beschreibung

Gespeichert in:
Bibliographische Detailangaben
1. Verfasser: Ortega, José Eugenio (comp.)
Format: Buch
Sprache:Spanisch
Veröffentlicht: Madrid, España : Siglo XXI, 1982
Schriftenreihe:(Psicología y Etología)
Schlagworte:
Tags: Tag hinzufügen
Keine Tags, Fügen Sie das erste Tag hinzu!

MARC

LEADER 00000nam^a2200000^a^4500
001 000021500
005 20250521000000.0
009 20260310084418.127
020 |a 84-323-0428-X 
037 |a Acervo ITESO - Biblioteca 
041 |a ESP 
082 |a 591. 5  |b ORT 
100 |a Ortega, José Eugenio  |e (comp.) 
245 1 0 |a Lecturas sobre Comportamiento Animal /  |c J.E. Ortega (Comp.).; tr. por: José M. Fernández Dols; et. al. 
264 1 |a Madrid, España :  |b Siglo XXI,  |c 1982 
300 |a 253 p. 
336 |a texto  |b txt  |2 rdacontenido 
337 |a sin mediación  |b n  |2 rdamedio 
338 |a volumen  |b nc  |2 rdasoporte 
440 1 |a (Psicología y Etología) 
520 |a Esta compilación de trabajos reune estudios sobre el comportamiento animal desde dos disciplinas: la psicología comparada que analiza los problemas de la motivación y el desarrollo, y la etología dedicada al estudio del instinto, la función y evolución. Temas generales: La Comunicación Visual; La Comunicación Acústica; La Comunicación Química; Las Interacciones Tempranas; El Medio y la Laterización. 
649 |a XX 
650 |a Etología 
650 |a Etología 
910 |a Fondo General 
920 |a Impresos - Libros 
930 |a Colección General 
905 |a 101 
901 |a 0215000100  |b IT1  |c ACC  |i 021500  |u 20250521 
902 |a https://opac.biblio.iteso.mx/vufind/Record/000021500